01118 a2200241 4500003000500000005001700005010001700022020002300039020002600062035002400088040000900112082001600121100001800137245010800155260004500263300003600308505041800344650001900762650002900781650003600810700001400846700001600860Nust20221219121415.0 a 2010033601 a0470745053 (cloth) a9780470745052 (cloth) a(OCoLC)ocn659412838 cNust00a621.384,KRO aEvgenii Krouk00aModulation and coding techniques in wireless communications /cedited by Evgenii Krouk, Sergei Semenov. aChichester, West Sussex :bWiley,c2011. axviii, 662 p. :bill. ;c25 cm. aChannel Models and Reliable Comm. (Page-1), Modulation (Page-21), Block Codes (Page-83), Convolution Codes and Turbo Codes (Page-161), Modified Chernoff Bound and Some Applications (Page-206), Equalization (Page-221), ARQ (Page-263), MIMO (Page-301), Multiples Access Methods (Page-351), Standardization In IEEE 802.11, 802.16 (Page-381), Standardization in 3GPP (Page-429), CDMA2000 And Its Evolution (Page-605). 0aCoding theory. 0aModulation (Electronics) 0aWireless communication systems.1 aKrouk, E.1 aSemenov, S.